Central Library OPAC University of Rajshahi

বাঙালি বুদ্ধিজীবী ও বিচ্ছিন্নতাবাদ / (Record no. 78535)

MARC details
000 -LEADER
fixed length control field 01177nam a2200253 a 4500
001 - CONTROL NUMBER
control field 78535
003 - CONTROL NUMBER IDENTIFIER
rucl marc code BD-RjUL
005 - DATE AND TIME OF LATEST TRANSACTION
control field 20211209083136.0
008 - FIXED-LENGTH DATA ELEMENTS--GENERAL INFORMATION
fixed length control field 210930s1987 ii ||||| |||| 001 0 ben d
035 ## - SYSTEM CONTROL NUMBER
System control number (BD-RjUL) 78761
040 ## - CATALOGING SOURCE
Original cataloging agency BD-RjUL
Language of cataloging ben
Transcribing agency BD-RjUL
041 ## - LANGUAGE CODE
Language code of text/sound track or separate title ben
-- eng
082 ## - DEWEY DECIMAL CLASSIFICATION NUMBER
Edition number 23
Classification number 305.552
Author mark and year DEB 1987
100 ## - MAIN ENTRY--PERSONAL NAME
Personal name দে, অমলেন্দু
9 (RLIN) 121806
245 10 - TITLE STATEMENT
Title বাঙালি বুদ্ধিজীবী ও বিচ্ছিন্নতাবাদ /
Statement of responsibility, etc. অমলেন্দু দে
260 ## - PUBLICATION, DISTRIBUTION, ETC. (IMPRINT)
Place of publication, distribution, etc. কলিকাতা :
Name of publisher, distributor, etc. পশ্চিমবঙ্গ রাজ্য পুস্তক পর্ষদ,
Date of publication, distribution, etc. ১৯৮৭
300 ## - PHYSICAL DESCRIPTION
Pagination ২৮২ পৃ. ;
Size ২২ সেমি.
500 ## - GENERAL NOTE
General note পরিশিষ্ট ও নির্দেশিকা সংযুক্ত
650 ## - SUBJECT ADDED ENTRY--TOPICAL TERM
Topical term or geographic name as entry element বুদ্ধিজীবী
General subdivision মনোভাব
Geographic subdivision বাংলাদেশ
9 (RLIN) 122663
Topical term or geographic name as entry element Intellectuals
General subdivision Attitudes
Geographic subdivision Bangladesh
9 (RLIN) 122664
Topical term or geographic name as entry element বাংলা সাহিত্য
General subdivision উপলব্ধি
Geographic subdivision বাংলাদেশ
9 (RLIN) 122665
Topical term or geographic name as entry element Bengali literature
General subdivision Appreciation
Geographic subdivision Bangladesh
9 (RLIN) 122666
942 ## - ADDED ENTRY ELEMENTS (KOHA)
Source of classification or shelving scheme Dewey Decimal Classification
Koha item type Books
Holdings
Lost status Source of classification or shelving scheme Damaged status Not for loan Collection code Permanent Location Current Location Shelving location Date acquired Source of acquisition Cost, normal purchase price Total Checkouts Full call number Date last seen Copy number Koha item type
  Dewey Decimal Classification   Not For Loan Non-fiction Central Library, University of Rajshahi Central Library, University of Rajshahi Reading Room 06/08/1989 E.U.B. S Pub. New Delhi 23.00   B 305.552 DEB 1987 30/09/2021 C-1 Books